000 00918cam a2200301 i 4500
001 74672
003 BD-RjUL
005 20211209082603.0
008 790605s1979 caua b 001 0 eng
020 _a0716711257
020 _a0716711265 (pbk.)
035 _a(BD-RjUL)74890
040 _aDLC
_cDLC
_dDLC
_beng
041 _aeng
082 0 0 _a551.5
_219
_bPHY 1979
245 0 4 _aThe Physics of everyday phenomena :
_breadings from Scientific American /
_cwith an introd. by Jearl Walker.
260 _aSan Francisco :
_bW. H. Freeman,
_cc1979.
300 _a86 p. :
_bill. ;
_c30 cm.
500 _aIncludes index.
504 _aBibliography: p. [83]-84.
650 0 _aPhysics.
_9224962
650 0 _aMeteorology.
_9224963
650 0 _aOceanography.
_9224964
700 1 _aWalker, Jearl,
_d1945-
_9224968
906 _a7
_bcbc
_corignew
_d1
_eocip
_f19
_gy-gencatlg
942 _2ddc
_cBK
999 _c74672
_d74672